Combination 1 /

Saved in:
Bibliografiske detaljer
Hovedforfatter: Sei, Leeza
Format: Bog
Sprog:engelsk
Udgivet: Modena Panini 2002
Tags: Tilføj Tag
Ingen Tags, Vær først til at tagge denne postø!

MARC

LEADER 00000nam a2200000 4500
001 CDOM0000004812
003 mi
005 20251010151518.0
008 251010b |||||||| |||| 00| 0 eng d
020 |a 9771128078905 
040 |c mi 
100 |a Sei, Leeza 
245 1 |a Combination 1 /  |c Leeza Sei 
260 |a Modena  |b Panini  |c 2002 
300 |a 192 p.  |b ill.  |c 18 cm. 
942 |2 ddc  |c BK 
952 |0 0  |1 0  |2 ddc  |4 0  |6 B_FOR02SEILECOM11  |7 0  |9 7534  |a MI  |b MI  |d 2011-07-06  |i 6209  |l 0  |o B-FOR02-SEILE-COM11  |p CDOM6209  |r 2025-07-13 16:28:00  |w 2025-07-13  |y BK 
999 |c 6226  |d 6226